|
|
|
|
| LEADER |
00000nam0a2200000 4500 |
| 001 |
3459 |
| 005 |
20231101204319.0 |
| 035 |
|
|
|a (RuTPU)RU\TPU\book\3478
|
| 035 |
|
|
|a BOOK00003486
|
| 090 |
|
|
|a 3459
|
| 100 |
|
|
|a 20011209d1995 m y0rusy50 ca
|
| 101 |
0 |
|
|a rus
|
| 102 |
|
|
|a RU
|
| 105 |
|
|
|a y j 000zy
|
| 200 |
1 |
|
|a Иностранный язык: как его изучать?
|f С. П. Товчихо, Н. М. Шапырова, Т. Л. Чепурнова
|g Томский политехнический университет
|
| 210 |
|
|
|a Томск
|c Изд-во ТПУ
|d 1995
|
| 215 |
|
|
|a 36 с.
|
| 606 |
1 |
|
|a Иностранные языки
|x Изучение
|2 stltpush
|3 (RuTPU)RU\TPU\subj\12663
|9 39410
|
| 610 |
1 |
|
|a преподавание
|
| 610 |
1 |
|
|a изучение
|
| 686 |
|
|
|a Ш12-9
|v LBC/SL-A
|2 rubbk
|
| 700 |
|
1 |
|a Товчихо
|b С. П.
|g Светлана Петровна
|
| 701 |
|
1 |
|a Шапырова
|b Н. М.
|g Наиля Минахметова
|
| 701 |
|
1 |
|a Чепурнова
|b Т. Л.
|g Татьяна Леоновна
|
| 712 |
0 |
2 |
|a Томский политехнический университет
|2 stltpush
|3 (RuTPU)RU\TPU\col\376
|
| 801 |
|
0 |
|a RU
|b 63413507
|c 20011209
|g PSBO
|
| 801 |
|
2 |
|a RU
|b 63413507
|c 20170324
|g PSBO
|
| 942 |
|
|
|c BK
|